1. pułk czołgów w wojnie polsko-bolszewickiej 1920 roku

Titel: 1. pułk czołgów w wojnie polsko-bolszewickiej 1920 roku / Michał Piwoszczuk
Verfasser:
Veröffentlicht: Kraków : Cztery Strony, 2016
Umfang: 218 Seiten : Illustrationen, Karten
Format: Buch
Sprache: Polnisch
Schlagworte:
ISBN: 9788365137159
Buchumschlag
X
Lokale Klassifikation: 32 14 Bc ; 32 7 K
alg: 38606805
001A    $03004:25-08-16 
001B    $01999:09-06-23 $t23:10:41.000 
001C    $03004:13-10-16 $t09:08:33.000 
001D    $03004:13-10-16 
001U    $0utf8 
001X    $00 
002@    $0Aau 
002C    $aText $btxt $2rdacontent 
002D    $aohne Hilfsmittel zu benutzen $bn $2rdamedia 
002E    $aBand $bnc $2rdacarrier 
003@    $0386068054 
004A    $A978-83-65137-15-9 
007A    $0386068054 $aHEB 
007G    $0DE0207DF8D5A2772F5BC8C125804C004941FB 
009P    $qapplication/pdf $A2 $3Inhaltsverzeichnis $uhttp://scans.hebis.de/HEBCGI/show.pl?38606805_toc.pdf $mV:DE-603;B:DE-Mb50 
010@    $apol 
010E    $erda 
011@    $a2016 
021A    $a@1. pułk czołgów w wojnie polsko-bolszewickiej 1920 roku $hMichał Piwoszczuk 
028A    $BVerfasser $4aut $71113557699 $8Piwoszczuk, Michał$Z1893-1974 [Tp3] $9386901627 
033A    $pKraków $nCztery Strony 
034D    $a218 Seiten 
034M    $aIllustrationen, Karten 
044K    $RKrieg $#Russo-Polish War, 1919-1920 $#Guerre polono-soviétique (1919-1920) $#Sowjetisch-Polnischer Krieg 1919-1921 $#Wojna polsko-bolszewicka $74076206-3 $8Polnisch-Sowjetischer Krieg$g1919-1921 [Ts1] $9085216046 
044K    $RKongresspolen $RWestgalizien $#Generalgouvernement Polen $#Polska $#Rzeczpospolita Polska $#Polska Rzeczpospolita Ludowa $#Poland $#Pologne $#République Polonaise $#Generalne Gubernatorstwo w Polsce $#Polish People's Republic $#Polska Rzeczpospolita Polen $#PRL $#RP $#Polen Generalgouvernement $#Polska Generalgouvernement $#Besetzte Polnische Gebiete $#Besetztes Gebiet in Polen $#Okupowane Polskie Obszary $#Obszary Okupowane w Polsce $#Volksrepublik Polen $#Polska Rosyjska $#Republic Polen $#Respublika Pol'ša $#Pol'skaja Narodnaja Respublika $#République de Pologne $#Polen Links der Weichsel $#Polska po Lewej Stronie Wisły $#Lenkija $#Polija $#Gubernija Carstva Pol'skago $#Republik Polen $74046496-9 $8Polen [Tg1] $9085129801 
044K    $RTeilstreitkraft $RLandkrieg $RMilitär $#Armies $#Armées $#Eserciti $#Ejército $#Armee Landstreitkräfte $#Bodentruppen $#Landstreitkräfte $#Armee Heer $74132034-7 $8Heer [Ts1] $9085473375 
044K    $RMilitärfahrzeug $#Tanks (Military science) $#Chars d'assaut $#Carri armati $#Tanques (Ejército) $#Panzerkampfwagen $#Tank Panzer $74044497-1 $8Panzer [Ts1] $9085124974 
045F    $a355.009438 $eDDC23BSB 
045F/01 $a355.009 
045F/03 $g438 
045G    $a900.943809041 $eDDC23BSB 
045G/01 $a900 
045G/03 $f09041 
045G/03 $g438 
045R    $aGeschichte 1920 
046C    $aPierwszy pułk czołgów w wojnie polsko-bolszewickiej 1920 roku $bAbweichender Titel 

lok: 38606805 24
101B    $013-10-16 $t09:08:33.000 
101C    $013-10-16 
101U    $0utf8 
145Z/01 $a32 14 Bc 
145Z/02 $a32 7 K 

exp: 38606805 24 1 #EPN
201B/01 $013-10-16 $t09:08:33.000 
201C/01 $025-08-16 
201U/01 $0utf8 
203@/01 $0780358759 
208@/01 $a13-10-16 $bz 
209A/01 $a16.07447 $du $f050 $h16 07447 $x00 
209C/01 $a16.07447 K $h16 07447 K 
209G/01 $a73791634 $x00 
220C/01 $aho-sz 
247C/01 $8358050-7 Marburg, Bibliothek des Herder-Instituts Marburg $9102600961 

lok: 38606805 78

exp: 38606805 78 1 #EPN
201B/01 $006-07-21 $t14:51:58.000 
201C/01 $006-07-21 
201U/01 $0utf8 
203@/01 $01160542244 
208@/01 $a06-07-21 $be 
209A/01 $a/ $f000 $x00 
209A/01 $ab*p $x01 
220C/01 $apgar 
244Z/01 $#Generalgouvernement Polen $#Polska $#Rzeczpospolita Polska $#Polska Rzeczpospolita Ludowa $#Poland $#Pologne $#République Polonaise $#Generalne Gubernatorstwo w Polsce $#Polish People's Republic $#Polska Rzeczpospolita Polen $#PRL $#RP $#Polen Generalgouvernement $#Polska Generalgouvernement $#Besetzte Polnische Gebiete $#Besetztes Gebiet in Polen $#Okupowane Polskie Obszary $#Obszary Okupowane w Polsce $#Volksrepublik Polen $#Polska Rosyjska $#Republic Polen $#Respublika Pol'ša $#Pol'skaja Narodnaja Respublika $#République de Pologne $#Polen Links der Weichsel $#Polska po Lewej Stronie Wisły $#Lenkija $#Polija $#Gubernija Carstva Pol'skago $#Republik Polen $74046496-9 $8--Tg1--Polen $x01 $9085129801 
247C/01 $82080>Marburg/Lahn, Herder-Institut, Forschungsbibliothek, Bibliographieportal $9336309341
LEADER 00000cam a2200000 c 4500
001 386068054
003 DE-603
005 20230609231041.0
007 tu
008 160825s2016 xx |||| | u00||u|pol c
020 |a 9788365137159 
035 |a (DE-599)HEB386068054 
040 |a DE-603  |b ger  |c DE-603  |d DE-603  |e rda 
041 |a pol 
082 0 4 |8 1\u  |a 355.009438  |q DE-101  |2 23/BSB 
083 0 |8 2\u  |a 900.943809041  |q DE-101  |2 23/BSB 
085 |8 1\u  |b 355.009 
085 |8 1\u  |z 2  |s 438 
085 |8 2\u  |b 900 
085 |8 2\u  |z 1  |s 09041 
085 |8 2\u  |z 2  |s 438 
100 1 |a Piwoszczuk, Michał  |d 1893-1974  |e Verfasser  |4 aut  |0 (DE-603)386901627  |0 (DE-588)1113557699  |2 gnd 
245 0 0 |a 1. pułk czołgów w wojnie polsko-bolszewickiej 1920 roku  |c Michał Piwoszczuk 
246 1 |i Abweichender Titel  |a Pierwszy pułk czołgów w wojnie polsko-bolszewickiej 1920 roku 
264 1 |a Kraków  |b Cztery Strony  |c 2016 
300 |a 218 Seiten  |b Illustrationen, Karten 
336 |a Text  |b txt  |2 rdacontent 
337 |a ohne Hilfsmittel zu benutzen  |b n  |2 rdamedia 
338 |a Band  |b nc  |2 rdacarrier 
648 7 |a Geschichte 1920  |2 gnd 
650 7 |a Polnisch-Sowjetischer Krieg  |g 1919-1921  |0 (DE-588)4076206-3  |0 (DE-603)085216046  |2 gnd 
650 7 |a Heer  |0 (DE-588)4132034-7  |0 (DE-603)085473375  |2 gnd 
650 7 |a Panzer  |0 (DE-588)4044497-1  |0 (DE-603)085124974  |2 gnd 
651 7 |a Polen  |0 (DE-588)4046496-9  |0 (DE-603)085129801  |2 gnd 
856 4 2 |m V:DE-603;B:DE-Mb50  |q application/pdf  |u http://scans.hebis.de/HEBCGI/show.pl?38606805_toc.pdf  |3 Inhaltsverzeichnis 
924 0 |9 Mb 50  |a (DE-603)780358759  |b DE-Mb50  |c HES  |d c  |g 16.07447 
924 0 |9 2080  |a (DE-603)1160542244  |b DE-2080  |c HES  |d d  |g /